Statistics for Countries with most second neighbours

Click here to take the quiz!

General Stats

  • This quiz has been taken 36 times
    (17 since last reset)
  • The average score is 12 of 18

Answer Stats

Second neighboursAnswer% Correct
17China
94%
23Russia
94%
14Hungary
88%
18Ukraine
88%
20Poland
82%
22Mongolia
76%
14Afghanistan
71%
15Belarus
71%
18Pakistan
71%
19Azerbaijan
65%
22Kazakhstan
65%
14Switzerland
65%
14Iraq
59%
17Georgia
53%
14Bulgaria
47%
14Czech Republic
47%
22North Korea
41%
15Central African Republic
24%

Score Distribution

Percentile by Number Answered

Percent of People with Each Score

Your Score History

You have not taken this quiz since the last reset